| 000 | 00789nam a2200265Ia 4500 | ||
|---|---|---|---|
| 003 | OSt | ||
| 005 | 20220926012012.0 | ||
| 006 | a|||||r|||| 00| 0 | ||
| 007 | ta | ||
| 008 | 220923b |||||||| |||| 00| 0 eng d | ||
| 020 | _a390526789 | ||
| 037 | _cGeneral Book | ||
| 040 |
_aRTL _cRTL _beng |
||
| 041 |
_2eng _aeng |
||
| 082 | _aSigma b4, K9 | ||
| 100 |
_aKrimerman Leonard I Ed. _9315373 |
||
| 245 | 0 |
_aNature and scope of social science _b a critical ant |
|
| 260 |
_aNew York _bAppleton-Century Croffs USA _c1969 |
||
| 300 |
_axi, 792p. _ccm. |
||
| 490 | _aCentury philosophy series | ||
| 500 | _aBibliography P 759-75 | ||
| 650 |
_aSocial Science _911018 |
||
| 942 |
_hSigma b4, K9 _cGB _2CC |
||
| 999 |
_c621478 _d621478 |
||